Výpočet obsahu rovinných útvarov s využitím numerických metód výpočtu určitého integrálu bakalárska práca

Enregistré dans:
Détails bibliographiques
Auteur principal: Vachna, Marek
Collectivité auteur: Fakulta hospodárskej informatiky EU. Katedra matematiky
Autres auteurs: Slaninka, František, 1973-
Format: Livre
Langue:slovaque
Publié: Bratislava 2011
Tags: Ajouter un tag
Pas de tags, Soyez le premier à ajouter un tag!

MARC

LEADER 00000nbm a2200000 4500
001 0141111
005 20161109111735.0
041 0 |a slo 
044 |a SK 
245 1 0 |a Výpočet obsahu rovinných útvarov s využitím numerických metód výpočtu určitého integrálu  |b bakalárska práca  |c Marek Vachna ; školiteľ: František Slaninka 
264 1 |a Bratislava  |c 2011 
300 |a 46 s. 
100 1 |a Vachna, Marek 
700 1 |a Slaninka, František, 1973- 
710 2 |a Fakulta hospodárskej informatiky EU. Katedra matematiky